00374 a2200121 4500020001500000082002100015100001800036245006300054260004000117300002700157650005100184700001700235 a995300742x a892.956.9bT722r aToufic, Jalal aReading, Rewriting Poe's The Oval PortraitbIn Your Dreams aBeirut, LebanonbAshkal Alwanc2004 a36 pbill (col)c21 cm xliteraturaxficcionxfilosofiazlibano (arabe) aJalal Toufic